An introduction to the bootstrap

Guardat en:
Dades bibliogràfiques
Autors principals: Efron, Bradley (Autor), Tibshirani, Robert J (Autor)
Format: Llibre
Idioma:anglès
Publicat: New York, USA Chapman & Hall 1993
Col·lecció:Monographs on Statistics and Applied Probability,
Matèries:
Accés en línia:Disponible Online
Etiquetes: Afegir etiqueta
Sense etiquetes, Sigues el primer a etiquetar aquest registre!

MARC

LEADER 00000nam a2200000 a 4500
001 UCY6844
003 CL-VaPUC
005 20240104151316.0
008 950602e19930000US |||||||||||||||||eng|d
999 |c 234341  |d 234339 
020 |a 978-0412042317 
040 |c Pontificia Universidad Católica de Valparaíso 
082 0 4 |a 519.544 EFR 1993  |2 21 
100 0 |a Efron, Bradley  |e author  |9 336945 
245 1 3 |a An introduction to the bootstrap 
260 |a New York, USA  |b Chapman & Hall  |c 1993 
300 |a 436 páginas  
440 |a Monographs on Statistics and Applied Probability,  |n  57  |9 860130 
583 |a last modification  |c 19950602 00:00:00  |k Rodrigo Vera 
650 0 |a Análisis estadístico  |9 269506 
700 0 |a Tibshirani, Robert J  |e author  |9 336946 
852 |a BIBCUR 
856 |u http://bibliografiadigital.pucv.cl.pucv.idm.oclc.org/index.php/bibliotecapucv/catalog/book/202  |y Disponible Online  
942 |c BK  |2 ddc 
945 |d 19950602 00:00:00  |a awong 
952 |0 0  |1 0  |4 0  |6 519_544000000000000_EFR_1993  |7 0  |8 A  |9 240516  |a BIBGIM  |b BIBGIM  |d 2019-11-18  |i 3086860  |o 519.544 EFR 1993  |p 3086860  |r 2025-01-15  |w 2019-11-18  |y BK  |k EST